| 000 | 01368 a2200421 4500 | ||
|---|---|---|---|
| 999 |
_c71335 _d19727 |
||
| 001 | 71335 | ||
| 003 | TR-AnTOB | ||
| 005 | 20231002001231.0 | ||
| 008 | 080728s2008 tu tur | ||
| 020 | _a9789750605031 | ||
| 040 |
_aTR-AnTOB _cTR-AnTOB |
||
| 041 | _atur | ||
| 050 |
_aHD31 _b.T37 2008 |
||
| 090 | _aHD31 .T37 2008 | ||
| 100 | 1 |
_aTaşçı, Deniz _945678 |
|
| 245 | 0 |
_aAğ tipi örgütler / _cDeniz Taşçı. |
|
| 264 | 1 |
_aEskişehir : _bAnadolu Üniversitesi, _c2008. |
|
| 300 |
_axi,105 s. : _btbl., çiz. ; _c24 cm. |
||
| 336 |
_2rdacontent _atext _btxt |
||
| 337 |
_2rdamedia _aunmediated _bn |
||
| 338 |
_2rdacarrier _avolume _bnc |
||
| 490 | 0 |
_aAnadolu Üniversitesi Yay. ; _v1805 _aİletişim Bilimleri Fakültesi Yay. ; _v68 |
|
| 504 | _aKaynakça var. ( s. [87-105] ) | ||
| 650 | 7 |
_aBilgisayar ağları _xYönetim _2etuturkob _921468 |
|
| 650 | 0 |
_aComputer networks _xManagement _93119 |
|
| 650 | 0 |
_aOrganizational change _xManagement _94427 |
|
| 650 | 7 |
_aÖrgütsel değişim _xYönetim _2etuturkob _931743 |
|
| 650 | 7 |
_aYönetim _xMesleki rehberlik _vMesleki rehberlik _2 _91900 |
|
| 650 |
_aManagement _9507 |
||
| 650 | 7 |
_aOrganizasyon _2 _978748 |
|
| 650 | 0 |
_aOrganization _9799 |
|
| 710 | 2 |
_aAnadolu Üniversitesi. _918011 |
|
| 902 | _a0024705 | ||
| 903 | _aMerkez Kütüphane | ||
| 942 |
_cBK _2lcc |
||
| 945 | _aMC, 28.08.2008 | ||